000 00189 a2200097 4500
001 10049
100 _aStamp, L.D.
245 _aWorld, the :
260 _a
_bGreen
_c
090 _c7801
_d7801
942 _aNUST-CAE
_cM
_c34491
999 _c245122
_d245122